00698nam a2200205 4500999001500000001000600015003000900021005001700030008004100047040003800088082002400126245005900150260004500209300002200254505001200276650004400288700002100332942001200353952012700365 c1798d179819475BD-DhUAP20200216152159.0200216s2013 bg mx p w 0 a0eng d aBD-DhAALcBD-DhAALbEngdBD-DhUAP00a340.5492115 BAN22300aBangladesh legal decision /cedited by Md. Taha Molla. aDhaka :bBangladesh Bar Council,cc2013. avolumes ;c26 cm. aV. 33-- aLawxPsychological aspectszBangladesh. aMolla, Md. Taha. 2ddccBK 00102ddc4070aUAPCLbUAPCLcGeneral Stacksd2020-02-16o340.5492115 BAN V-33p3010019475r2020-02-16t1w2020-02-16yBK